[Event "Campeonato de Rusia 2007 Femenino Final"]
[Site "Moscu RUS"]
[Date "2007.12.29"]
[Round "10.5"]
[White "Kosintseva, Nadezhda"]
[Black "Stepovaia, Tatiana"]
[Result "1/2-1/2"]
[WhiteElo "2469"]
[BlackElo "2375"]
[PlyCount "147"]
[EventDate "2007.12.18"]
[EventType "tourn"]
[EventRounds "11"]
[EventCountry "RUS"]
[Source "lmi"]
[SourceDate "2007.12.18"]

1. e4 e5 2. Nf3 Nf6 3. Nc3 Nc6 4. Bb5 Bb4 5. O-O O-O 6. d3 d6 7. Bg5 Bxc3 8.
bxc3 Bd7 9. Rb1 Rb8 10. d4 a6 11. Bd3 h6 12. Bh4 Bg4 13. h3 Bxf3 14. Qxf3 g5
15. Bg3 Nh7 16. Qe3 Qe7 17. Rb2 Na5 18. Qd2 Rfd8 19. Rfb1 Ra8 20. f3 Nf8 21.
Bf2 Ne6 22. Bf1 b6 23. Re1 Qf6 24. Rbb1 Nf4 25. Kh2 Nc6 26. g3 Ng6 27. Bg2 Kh7
28. Be3 Rg8 29. Rf1 Na5 30. Qe2 b5 31. Rbd1 Rad8 32. Bc1 Nc4 33. Rf2 Rg7 34.
Bf1 Kg8 35. Qe1 Nb6 36. Qd2 Rd7 37. d5 Qe7 38. c4 bxc4 39. Qc3 Qf8 40. Bxc4
Nxc4 41. Qxc4 Qc8 42. Rd3 Ne7 43. Ra3 f5 44. Qxa6 Qf8 45. Qd3 h5 46. Rb3 f4 47.
g4 hxg4 48. fxg4 Rd8 49. c4 Qe8 50. Rfb2 Rf7 51. Bd2 Kg7 52. Qf3 Ng8 53. Be1
Nf6 54. Bf2 Ra8 55. Kg2 c5 56. a3 Ra4 57. Qd3 Qa8 58. Rc2 Rfa7 59. Rcc3 Rb7 60.
Kf3 Rxb3 61. Rxb3 Qa6 62. Rc3 Nd7 63. h4 Nb6 64. hxg5 Nxc4 65. Kg2 Ne3+ 66.
Bxe3 Qxd3 67. Rxd3 fxe3 68. Rxe3 Kg6 69. Kf3 Kxg5 70. Rb3 Kh4 71. Re3 Rc4 72.
Rb3 Ra4 73. Rc3 Rd4 74. Rb3 1/2-1/2

[Event "Campeonato de Rusia 2007 Femenino Final"]
[Site "Moscu RUS"]
[Date "2007.12.29"]
[Round "10.6"]
[White "Ovod, Evgenija"]
[Black "Girya, Olga"]
[Result "1-0"]
[WhiteElo "2386"]
[BlackElo "2338"]
[PlyCount "119"]
[EventDate "2007.12.18"]
[EventType "tourn"]
[EventRounds "11"]
[EventCountry "RUS"]
[Source "lmi"]
[SourceDate "2007.12.18"]

1. d4 Nf6 2. c4 g6 3. Nc3 Bg7 4. e4 d6 5. Nf3 O-O 6. Be2 e5 7. Be3 Na6 8. dxe5
dxe5 9. Qb3 c6 10. Qa3 Ng4 11. Bg5 f6 12. Rd1 Qb6 13. Bh4 Qc5 14. Qxc5 Nxc5 15.
Nd2 Nh6 16. f3 Rd8 17. Nb3 Rxd1+ 18. Kxd1 Ne6 19. Bf2 Nf4 20. Bf1 Nf7 21. h4
Be6 22. Kc2 b6 23. g3 Nh5 24. c5 b5 25. Na5 Rc8 26. Be2 Bf8 27. Ra1 Nd8 28. a4
a6 29. b4 Bf7 30. Bf1 f5 31. exf5 gxf5 32. Bd3 Be6 33. axb5 axb5 34. Nb3 Bg7
35. Ra6 Nf6 36. Na5 Kf8 37. Be1 Rc7 38. Kd2 Ke7 39. Ke2 Kd7 40. Bxb5 cxb5 41.
Nxb5 Ne8 42. Nxc7 Nxc7 43. Ra7 Nc6 44. Nxc6 Bc4+ 45. Kf2 Kxc6 46. Bc3 Bf6 47.
f4 Nd5 48. fxe5 Nxc3 49. exf6 Ne4+ 50. Ke3 Nxf6 51. Kd4 Be2 52. Rf7 Ne4 53.
Rxf5 Nxg3 54. Rf6+ Kb5 55. Rb6+ Ka4 56. Ke5 Bd3 57. c6 Nf5 58. c7 Ne7 59. Rb8
Ba6 60. Ke4 1-0

[Event "Campeonato de Rusia 2007 Femenino Final"]
[Site "Moscu RUS"]
[Date "2007.12.30"]
[Round "11.1"]
[White "Korbut, Ekaterina"]
[Black "Ovod, Evgenija"]
[Result "0-1"]
[WhiteElo "2443"]
[BlackElo "2386"]
[PlyCount "82"]
[EventDate "2007.12.18"]
[EventType "tourn"]
[EventRounds "11"]
[EventCountry "RUS"]
[Source "lmi"]
[SourceDate "2007.12.18"]

1. e4 e5 2. Nf3 Nc6 3. Bb5 Bc5 4. c3 Nf6 5. O-O O-O 6. d4 Bb6 7. Bg5 h6 8. Bh4
d6 9. Qd3 Qe7 10. Nbd2 Nb8 11. Rfe1 c6 12. Ba4 Nbd7 13. Nc4 Bc7 14. Ne3 Re8 15.
Nd2 Nb6 16. Bc2 g5 17. Bg3 Nh5 18. Nf5 Qf6 19. Qf3 Qg6 20. Nf1 Nd7 21. Rad1
Ndf6 22. dxe5 dxe5 23. N1e3 Nxg3 24. fxg3 Be6 25. Rf1 h5 26. Bb3 Bb6 27. Kh1 g4
28. Qe2 Qg5 29. Nc4 Red8 30. Nxe5 Rxd1 31. Bxd1 Rd8 32. Nc4 Nxe4 33. Ne7+ Qxe7
34. Qxe4 Qf6 35. Be2 Bd5 36. Qc2 Qe6 37. Nxb6 axb6 38. Bd3 Qe3 39. Bh7+ Kg7 40.
Qf5 Rd6 41. Qxh5 Qe2 0-1

[Event "Campeonato de Rusia 2007 Femenino Final"]
[Site "Moscu RUS"]
[Date "2007.12.30"]
[Round "11.3"]
[White "Pogonina, Natalija"]
[Black "Kosintseva, Tatiana"]
[Result "0-1"]
[WhiteElo "2462"]
[BlackElo "2492"]
[PlyCount "72"]
[EventDate "2007.12.18"]
[EventType "tourn"]
[EventRounds "11"]
[EventCountry "RUS"]
[Source "lmi"]
[SourceDate "2007.12.18"]

1. e4 c5 2. Nf3 d6 3. d4 cxd4 4. Nxd4 Nf6 5. Nc3 Nc6 6. Bg5 e6 7. Be2 Be7 8.
O-O a6 9. a4 O-O 10. Be3 Bd7 11. f4 Nxd4 12. Qxd4 Bc6 13. a5 Qc7 14. Bf3 Nd7
15. Qd2 b5 16. axb6 Nxb6 17. b3 Rfc8 18. Ne2 Qb7 19. Ng3 Nd7 20. Bd4 Bf8 21.
Kh1 Nc5 22. Qe3 a5 23. Rab1 Nd7 24. c4 Nc5 25. Bc3 Rcb8 26. e5 Bxf3 27. Rxf3 d5
28. Bd4 Qc6 29. cxd5 Qxd5 30. f5 a4 31. Bxc5 Bxc5 32. Qg5 Qxe5 33. Qg4 Rb4 34.
Qh3 a3 35. fxe6 fxe6 36. Nh5 a2 0-1

[Event "Campeonato de Rusia 2007 Femenino Final"]
[Site "Moscu RUS"]
[Date "2007.12.30"]
[Round "11.4"]
[White "Shadrina, Tatiana"]
[Black "Kosintseva, Nadezhda"]
[Result "1/2-1/2"]
[WhiteElo "2379"]
[BlackElo "2469"]
[PlyCount "100"]
[EventDate "2007.12.18"]
[EventType "tourn"]
[EventRounds "11"]
[EventCountry "RUS"]
[Source "lmi"]
[SourceDate "2007.12.18"]

1. e4 e5 2. Nf3 Nc6 3. Bb5 a6 4. Ba4 Nf6 5. O-O Bc5 6. Nxe5 Nxe5 7. d4 b5 8.
Bb3 Bxd4 9. Qxd4 d6 10. c3 c5 11. Qe3 O-O 12. f3 Re8 13. Qf2 Nd3 14. Qe3 Nxc1
15. Rxc1 Bb7 16. Nd2 c4 17. Bc2 Qc7 18. Re1 Re7 19. Nf1 Rae8 20. Ng3 Bc8 21.
Qf4 Qc5+ 22. Kf1 d5 23. Rad1 h6 24. Re2 Re5 25. Qd2 dxe4 26. Bxe4 Nxe4 27. Rxe4
Rxe4 28. Nxe4 Qe5 29. Qd6 Bf5 30. Qxe5 Rxe5 31. Rd6 a5 32. Rb6 Kh7 33. Kf2 Be6
34. Nd6 Rd5 35. Ke2 Re5+ 36. Kf2 Rd5 37. Ke2 Re5+ 38. Kd2 Rd5+ 39. Kc1 b4 40.
cxb4 axb4 41. Nxc4 Rc5 42. b3 Bxc4 43. bxc4 Rxc4+ 44. Kb2 Rd4 45. Rc6 Rd2+ 46.
Rc2 Rd3 47. Re2 g5 48. Kc2 Ra3 49. Kb2 Rd3 50. Kc2 Ra3 1/2-1/2

[Event "Campeonato de Rusia 2007 Femenino Final"]
[Site "Moscu RUS"]
[Date "2007.12.30"]
[Round "11.5"]
[White "Kovalevskaya, Ekaterina"]
[Black "Matveeva, Svetlana"]
[Result "1/2-1/2"]
[WhiteElo "2448"]
[BlackElo "2433"]
[PlyCount "33"]
[EventDate "2007.12.18"]
[EventType "tourn"]
[EventRounds "11"]
[EventCountry "RUS"]
[Source "lmi"]
[SourceDate "2007.12.18"]

1. e4 e6 2. d4 d5 3. Nc3 Bb4 4. exd5 exd5 5. Bd3 Nc6 6. a3 Be7 7. Be3 Bf6 8.
Nge2 Nge7 9. Qd2 Bf5 10. O-O-O Qd7 11. Nf4 O-O-O 12. Bxf5 Nxf5 13. Nfxd5 Bxd4
14. Bxd4 Nfxd4 15. Rhe1 Rhe8 16. Qf4 Rxe1 17. Rxe1 1/2-1/2

[Event "Campeonato de Rusia 2007 Femenino Final"]
[Site "Moscu RUS"]
[Date "2007.12.30"]
[Round "11.6"]
[White "Girya, Olga"]
[Black "Gunina, Valentina"]
[Result "1-0"]
[WhiteElo "2338"]
[BlackElo "2359"]
[PlyCount "59"]
[EventDate "2007.12.18"]
[EventType "tourn"]
[EventRounds "11"]
[EventCountry "RUS"]
[Source "lmi"]
[SourceDate "2007.12.18"]

1. e4 e6 2. d4 d5 3. Nc3 Nf6 4. e5 Nfd7 5. f4 c5 6. Nf3 Nc6 7. Be3 Be7 8. Qd2
O-O 9. Bd3 f6 10. exf6 Nxf6 11. dxc5 Ng4 12. O-O-O Qa5 13. Bg1 Bf6 14. h3 Nh6
15. Kb1 Nb4 16. Ne5 Bxe5 17. fxe5 b6 18. Be3 Nf7 19. a3 Nxd3 20. cxd3 Nxe5 21.
Bf4 Nxd3 22. Qxd3 Rxf4 23. Nxd5 Rf8 24. Ne7+ Kh8 25. Rhf1 Re8 26. Rf4 h6 27.
Qg6 Ba6 28. Rf7 Rg8 29. Nxg8 Rxg8 30. Rxg7 1-0